| 000 | 00788cam a22002773a 4500 | ||
|---|---|---|---|
| 001 | 1974 | ||
| 003 | PGUSA | ||
| 005 | 20140828083008.0 | ||
| 008 | 991101s1999||||xxu|||||s|||||000 p eng d | ||
| 040 |
_aPGUSA _beng |
||
| 042 | _adc | ||
| 050 | 4 | _aPA | |
| 050 | 4 | _aPN | |
| 100 | 1 |
_aAristotle, _d-384--322 |
|
| 245 | 1 | 4 |
_aThe Poetics of Aristotle _h[electronic resource] / _cAristotle |
| 260 |
_bProject Gutenberg, _c1999 |
||
| 506 | _aPublic domain in the USA. | ||
| 516 | _aElectronic text | ||
| 653 | _aPoetry -- Early works to 1800 | ||
| 653 | _aAesthetics -- Early works to 1800 | ||
| 700 | 1 |
_aButcher, S. H. _q(Samuel Henry), _d1850-1910 |
|
| 740 | 0 | _aPoetics. English | |
| 830 | 0 |
_aProject Gutenberg _v1974 |
|
| 856 | 4 | 0 | _uhttp://www.gutenberg.org/ebooks/1974 |
| 942 | _cEB | ||
| 999 |
_c231315 _d231315 |
||